| 000 | 00646nam a22001577a 4500 | ||
|---|---|---|---|
| 008 | 110928t xxu||||| |||| 00| 0 eng d | ||
| 020 | _a9789966967312 | ||
| 100 | _aNcebere,Rukunga | ||
| 245 |
_aDoing business in Kenya _bRukunga Ncebere |
||
| 260 |
_aNairobi _bR.N Publishers _c2003 |
||
| 300 |
_ax,228 p. _c21 cm. |
||
| 650 |
_2Doing business _zkenya |
||
| 942 |
_2lcc _cBK |
||
| 999 |
_c39410 _d39410 |
||